| 000 | 00518nam a22001817a 4500 | ||
|---|---|---|---|
| 999 |
_c180064 _d180064 |
||
| 005 | 20210722164947.0 | ||
| 010 | _aENG-129626 | ||
| 020 |
_a978-93-88279-09-3 _c150.00 |
||
| 035 | _aEN-113158 | ||
| 037 | _bDBAD/PUB | ||
| 082 | _a539.60284 | ||
| 100 | _aKarmur, Sheetal B. | ||
| 245 |
_aAtomic and Molecular Spectroscopy/ _cBy Sheetal B. Karmur |
||
| 260 |
_aGujarat _bAyudh Publication _c2018 |
||
| 270 | _aBhavnagar, Gujarat | ||
| 300 |
_a110p. _c20cm(hbk) |
||
| 942 |
_2ddc _cEN _h539.60284 _mKAR |
||